header

Palestinians in Lebanon (Record no. 238351)

MARC details
000 -LEADER
fixed length control field 01402nam a2200337 a 4500
100 1# - MAIN ENTRY--AUTHOR NAME
Personal name Roberts, Rebecca.
245 10 - TITLE STATEMENT
Title Palestinians in Lebanon
260 ## - PUBLICATION, DISTRIBUTION, ETC. (IMPRINT)
Place of publication London :
Name of publisher I.B. Tauris,
Year of publication 2010.
300 ## - PHYSICAL DESCRIPTION
Number of Pages xii, 241 p. :
Other physical details ill., maps.
490 1# - SERIES STATEMENT
Series statement International library of postwar reconstruction and development ;
650 #0 - SUBJECT ADDED ENTRY--TOPICAL TERM
Topical Term Refugees, Palestinian Arab
Topical Term Jewish-Arab relations.
856 40 - ELECTRONIC LOCATION AND ACCESS
Uniform Resource Identifier http://site.ebrary.com/lib/rucke/Doc?id=10522046

No items available.

© 2026 Rongo University
Contact us: librarian | system librarian | Rongo university